000 01002nam a22002655a 4500
005 20090622155420.0
008 090324s2009 ii a b 001 0 eng
010 _aENG-94184
020 _a9780415484510
_c650.00
035 _aEN-77717
037 _bDBAD / PUB
040 _adpl
_bEnglish
082 _a809.93353092
100 _aMerchant, Hoshang
245 _aForbidden sex/texts:
_cby Hoshang Merchant
_bnew India's gay poets /
260 _aNew Delhi
_bRoutledge
_c2009
270 _a912-915 Tolstory House, 15-17 Tolstoy Marg
_bNew Delhi
_e110001
300 _axxi, 270p.
_c23cm(Hb)
500 _aIncludes bibliographical references
650 _aHomosexuality and literature
650 _aGays in literature
650 _aGay's writings
942 _2ddc
_cEN
_mMER
_h809.93353092
999 _c27775
_d27775